| 000 | 00388cam a2200169ua 4500 | ||
|---|---|---|---|
| 020 | _c6.00 | ||
| 041 |
_aeng _h |
||
| 082 |
_a320.58 _bMIR/GL |
||
| 100 | _aMira, . | ||
| 245 |
_aGleanings / _cMira. _hTextual Documents |
||
| 260 |
_aAhmadabad : _bNavajivan publishing house , _c1949. |
||
| 300 | _a26 ; . | ||
| 365 | _a6.00 | ||
| 504 | _a | ||
| 942 | _cBK | ||
| 999 |
_c2349 _d2349 |
||